高中英文單字邏輯記憶法

資料類型: Book 圖書   書目號:31654

Leader xxxxxxxxxx
001 __ 85051766
005 __ 19960815185202.0
008 __                                    chi  
010 0_ |a9577100333|b平裝|dNT﹩260
100 __ |a19940915d1993     bb 1chiy0109    e.
101 __ |a
102 __ |acw.
105 __ |ayyyyzzzz000yy.
200 1_ |a高中英文單字邏輯記憶法|e|f黎學智著.
205 __ |a初版.
210 __ |a臺北市|c笛籐|d民82.
215 0_ |a305面|c|d21公分.
225 __ |a|v
260 1_ |a1993.
681 __ |a805.1.
700 _1 |a|b學智|4著.
702 __ |a|b|4
詳細館藏(共 1 筆)
索 書 號登 錄 號冊次號館別 / 館藏地流通類型狀態加入預約清單電子資源
805.1. / 8566 1013336  圖書館 / 一樓普通區 可外借30天 在館   

| 條列資料




目錄查詢 分類查詢 個人資料 圖書薦購 新書查詢 閉館日 排行榜 更多電子資源 Hami書城 線上資料庫 登出

From : 216.73.217.145

  本日流通累計至 04:38:02 借閱 : 0 次 續借 : 0 次 歸還 : 0 次 預約 : 0 次 電子資源 : 0 次


內湖高中圖書館  PCLIS 版本  25.5.0.2